Les villes les plus peuplées du monde - Statistiques

Statistiques générales
  • Ce quiz a été pris 311 fois
    216 depuis la dernière actualisation
  • Le résultat moyen est 44 sur 100
Statistiques - réponses
Population Villes % Correct
43 12,6 millions Paris
96%
2 42,8 millions Tokyo
96%
11 23,5 millions New York
93%
31 14,6 millions Londres
90%
14 21,5 millions Beijing (Pékin)
89%
19 18,8 millions Los Angeles
89%
6 26,3 millions Shanghai
87%
5 26,5 millions Delhi
85%
85 6,48 millions Madrid
85%
16 20,2 millions Moscou
85%
41 12,7 millions Rio de Janeiro
83%
15 20,9 millions México
82%
26 15,1 millions Buenos Aires
78%
8 24,4 millions Le Caire
76%
53 9,80 millions Washington DC - Baltimore
76%
3 36,3 millions São Paulo
74%
4 35,1 millions Jakarta
73%
7 25,5 millions Séoul
73%
27 15,0 millions Istanbul
72%
52 9,87 millions Chicago
69%
9 24,3 millions Mumbai (Bombay)
69%
17 19,8 millions Osaka - Kyoto - Kobé
69%
10 24,2 millions Manille
65%
47 11,0 millions Bogotá
63%
72 7,80 millions Alger
62%
20 18,6 millions Dacca
62%
1 65,7 millions Delta de la Rivière des Perles
62%
12 23,4 millions Guangzhou (Canton)
62%
13 22,8 millions Lagos
62%
88 6,29 millions Saint-Pétersbourg
62%
56 8,84 millions San Francisco - San José
62%
18 18,9 millions Bangkok
61%
76 7,37 millions Hong Kong
61%
45 12,1 millions Lima
61%
42 12,6 millions Kinshasa
59%
82 6,88 millions Miami
59%
75 7,48 millions Santiago
56%
65 8,08 millions Singapour
55%
23 16,0 millions Téhéran
55%
86 6,47 millions Toronto
55%
61 8,28 millions Boston
54%
68 7,99 millions Dallas - Fort Worth
50%
80 7,20 millions Houston
50%
63 8,24 millions Milan
50%
99 5,50 millions Ankara
49%
64 8,18 millions Kuala Lumpur
49%
48 10,9 millions Wuhan
49%
74 7,59 millions Hanoï
48%
37 13,0 millions Bagdad
46%
29 14,7 millions Johannesburg - Pretoria
46%
22 16,6 millions Karachi
46%
79 7,20 millions Philadelphie
46%
81 6,92 millions Riyad
46%
69 7,90 millions Islamabad - Rawalpindi
44%
73 7,63 millions Nairobi
42%
96 5,68 millions Détroit - Windsor
41%
21 16,7 millions Kolkata (Calcutta)
41%
54 9,19 millions Taipei
39%
55 9,17 millions Luanda
38%
70 7,88 millions Randstad
36%
36 13,2 millions Bangalore
34%
44 12,3 millions Lahore
34%
84 6,63 millions Atlanta
32%
46 11,3 millions Nagoya
32%
34 13,6 millions Hô-Chi-Minh-Ville
31%
91 6,08 millions Colombo
29%
98 5,57 millions Dar es Salaam
29%
58 8,52 millions Khartoum
28%
39 12,9 millions Xi'an
26%
30 14,7 millions Chengdu
24%
40 12,9 millions Shenzhen
24%
24 15,6 millions Tianjin
24%
50 10,6 millions Rhin-Ruhr
23%
93 5,92 millions Belo Horizonte
21%
25 15,4 millions Chongqing
20%
38 12,9 millions Chennai (Madras)
19%
28 14,8 millions Hyderabad
18%
90 6,10 millions Amman
17%
66 8,07 millions Ahmedabad
15%
33 13,8 millions Xiamen - Quanzhou
15%
67 8,05 millions Busan
14%
100 5,48 millions Guatemala
14%
35 13,3 millions Surabaya
13%
57 8,77 millions Bandung
12%
77 7,36 millions Yangon (Rangoun)
11%
51 10,0 millions Hangzhou
10%
89 6,23 millions Pune
10%
87 6,35 millions Qingdao
7%
71 7,87 millions Faisalabad
6%
59 8,44 millions Nanjing (Nankin)
6%
32 14,3 millions Shantou
6%
94 5,88 millions Ibadan
4%
60 8,29 millions Shenyang
4%
83 6,64 millions Surate
4%
95 5,81 millions Zhengzhou
4%
62 8,25 millions Dongguan
3%
49 10,7 millions Suzhou
3%
78 7,24 millions Semarang
1%
92 5,98 millions Surakarta
1%
97 5,62 millions Visakhapatnam
1%
Aucun quiz correspondant
Distribution des résultats
% des personnes avec chaque résultat
Percentile par nombre de réponses
Votre historique - résultats
Vous n’avez pas pris ce quiz depuis la dernière actualisation